01130 a2200241 45000010006000000050017000060080041000230030015000640400040000790800093001192450114002122640126003263000019004525050267004711000021007387000018007597000015007777000015007927000019008077000019008267000021008457000022008665931220260407155847.0260407a1966 arg spa dAR-UNSa-BCEJYS aAR-UNSa-BCEJYSbspacAR-UNSa-BCEJYS a339.92xCooperación económica internacional. Integración económica internacional10aIntegración y formación de comunidades políticaspanálisis sociológico de experiencias históricas 1aBuenos Aires :bBID/INTAL (Banco Interamericano de Desarrollo. Instituto para la integración de América Latina)c1966 a256 p.c23 cm. a1. Principales hallazgos: las condiciones originarias – 2. Principales hallazgos: la integración como proceso – 3. Estado actual de la integración en el área del Atlántico Norte – 4. Consecuencias políticas para el área del Atlántico Norte - 1 aDeutsch, Karl W.1 aBurrell, S.A.1 akann, R.A.1 aLee, M,Jr.1 aLichterman, M.1 aLindgren, R.E.1 aLoewenheim, F.L.1 aVan Wagenen, R.W.